000 00770nam a2200205 a 4500
003 0
005 20250212145708.0
008 130129s19uu xx 00 eng d
050 _aPHS HM 821
_b.L788 2012
100 _aLiwanag, Neil Roy.
245 _aComparison of self achivements of different social status of SISC 4th year students /
_cNeil Roy Liwanag.
260 _aLas PiƱas City, Philippines :
_bSouthville International School and Colleges,
_c2012.
300 _a21 pages :
_billustrations ;
_c28 cm.
504 _aIncludes bibliographical references.
650 _aAcademic achievement
_xAnalysis.
650 _aSocial status
_xInfluence.
650 _aHigh school students
_xAnalysis.
650 _aSocial status
_xPsychological aspects.
942 _2lcc
_cPASS
999 _c98880
_d98880